|
|
|
|
| LEADER |
00707nab a2200181 i 4500 |
| 001 |
misc73828 |
| 005 |
20241018114058.0 |
| 008 |
240215s1946 hu o 000 eng d |
| 040 |
|
|
|a SZTE Miscellanea Repozitórium
|b hun
|
| 041 |
|
|
|a eng
|
| 100 |
2 |
|
|a Szent-Györgyi Albert
|
| 245 |
1 |
3 |
|a On conditions in resting muscle and the nature of exitation
|h [elektronikus dokumentum] /
|c Szent-Györgyi Albert
|
| 260 |
|
|
|a Academiae Scientiarum Naturalium Hungaricae
|b Budapest
|c 1946
|
| 300 |
|
|
|a 28-32
|
| 490 |
0 |
|
|a Hungarica Acta Physiologica
|v 1 No. 1
|
| 561 |
|
|
|a Szent-Györgyi Albert tudományos és egyéb írásai
|
| 695 |
|
|
|a Izom
|
| 856 |
4 |
0 |
|u http://misc.bibl.u-szeged.hu/73828/1/szgya_magyar_202.pdf
|z Dokumentum-elérés
|